TV Character Catchphrases Quiz Stats

 Plays Quiz Updated Mar 13, 2015

Challenge
Share
Tweet
Embed
Score 0/30 Timer 04:00
0 Plays Today
% Correct
Butt-Head
92.5%
Fred Flintstone
91%
Spock
90.1%
Yogi
89.2%
Sheldon Cooper
86.7%
Homer Simpson
86.1%
Bart Simpson
85.4%
Joey Tribbiani
83.8%
The Lone Ranger
78.7%
Fat Albert
73.5%
Fox Mulder
71.8%
Lurch
69%
Arnold Jackson (Drummond)
66.2%
Barney Stinson
64.1%
Tattoo
61.2%
% Correct
Wayne Campbell and Garth Algar
58.9%
Larry
56.5%
Ralph Kramden
55.4%
Lt. Frank Columbo
53%
J.J. Evans
52%
Fred Sanford
51.5%
Lt. Theo Kojak
50.4%
The Brain
50.3%
Homey the Clown
48.7%
Maxwell Smart
48.5%
Vinnie Barbarino
48.2%
Matt Foley
46.1%
Sgt. Hans Schultz
44.5%
Sgt. Phil Esterhaus
39.3%
Ren Hoek
37.1%

You're not logged in!

Compare scores with friends on all Sporcle quizzes.
OR
Log In

You Might Also Like...

Show Comments

Extras

Top Quizzes Today


Score Distribution

Your Account Isn't Verified!

In order to create a playlist on Sporcle, you need to verify the email address you used during registration. Go to your Sporcle Settings to finish the process.

Report this User

Report this user for behavior that violates our Community Guidelines.

Details: